000 00242nam a22001097a 4500
082 _a684.08 HAI'C
100 _aHAINES, RAY E
_958167
245 _aTHE CICULAR SAW
260 _aNEWYORK
_bD. VAN NOSTRAND
_c1952
300 _a118P
942 _cBK
999 _c568377
_d568377